000 00396nam a22001697a 4500
003 MPLRDC
005 20220104114553.0
008 210129b ||||| |||| 00| 0 eng d
082 _a192.15 MDCS v.59
100 _a张心怡编译
245 _a快乐女性
_c
260 _a
_b常春树书坊
_c1983
300 _b
490 _a美的丛书;59
650 _a
942 _cBK
_o192.15 MDCS v.59
999 _c8513
_d8503